UBT Library

High blood pressure lowered naturally : (Record no. 43305)

000 -LEADER
fixed length control field 00755nam a2200229 a 4500
001 - CONTROL NUMBER
control field 3529904
005 - DATE AND TIME OF LATEST TRANSACTION
control field 20180223082528.0
008 - FIXED-LENGTH DATA ELEMENTS--GENERAL INFORMATION
fixed length control field 960213s1995 gaua b 001 0 eng
010 ## - LIBRARY OF CONGRESS CONTROL NUMBER
LC control number 96114926
020 ## - INTERNATIONAL STANDARD BOOK NUMBER
International Standard Book Number 0915099683
040 ## - CATALOGING SOURCE
Original cataloging agency DLC
Transcribing agency DLC
041 ## - LANGUAGE CODE
Language code of text/sound track or separate title eng
080 ## - UNIVERSAL DECIMAL CLASSIFICATION NUMBER
Universal Decimal Classification number 616.13206 FC
082 00 - DEWEY DECIMAL CLASSIFICATION NUMBER
Classification number 616.13206 FC
Edition number 20
100 ## - Rafti
Rafti 3
101 ## - Shkurtesa
Shkurtesa SHM
245 00 - TITLE STATEMENT
Title High blood pressure lowered naturally :
Statement of responsibility, etc by the editors of FC&A ; [editors, Linda M. Sciullo and Sherryl D. Wade].
504 ## - BIBLIOGRAPHY, ETC. NOTE
Bibliography, etc Includes bibliographical references (p. [517]-536) and index.
906 ## - LOCAL DATA ELEMENT F, LDF (RLIN)
a 7
b cbc
c orignew
d 2
e ncip
f 19
g y-gencatlg
942 ## - ADDED ENTRY ELEMENTS (KOHA)
Source of classification or shelving scheme
Item type Books
Holdings
Withdrawn status Lost status Source of classification or shelving scheme Damaged status Not for loan Collection code Permanent location Current location Shelving location Date acquired Total Checkouts Full call number Barcode Date last seen Price effective from Koha item type
          Koleksioni i përgjithshem UBT - Lipjan UBT - Lipjan Koleksioni i përgjithshem 02/23/2018   616.13206 FC 002-2999561 02/23/2018 02/23/2018 Books
UBT Library © 2015-2024. All rights reserved University Education for Business and Technology